TV Show Characters III Quiz Stats

 Plays Quiz Updated Aug 14, 2016

Challenge
Share
Tweet
Score 0/25 Timer 06:00
2 Plays Today
% Correct
Dr. Gregory House (House)
95.2%
Lisa Simpson (The Simpsons)
92.2%
Tim 'The Tool Man' Taylor (Home Improvement)
81%
Arthur 'Fonzie' Fonzarelli (Happy Days)
80.7%
Roseanne Conner (Roseanne)
79.4%
Carlton Banks (The Fresh Prince of Bel Air)
75.4%
Al Bundy (Married With Children)
68.6%
Clark Kent (Smallville)
61.1%
J.R. Ewing (Dallas)
60%
Sterling Archer (Archer)
55.3%
Clair Huxtable (The Cosby Show)
54.8%
Zachary Morris (Saved by the Bell)
54.4%
Laura Ingalls Wilder (Little House on the Prairie)
46.3%
% Correct
Phineas (Phineas and Ferb)
43.3%
John Watson (Sherlock)
42.5%
Tyrion Lannister (Game of Thrones)
41.5%
Mindy McConnell (Mork & Mindy)
39.2%
Rick Grimes (The Walking Dead)
32.1%
Sookie Stackhouse (True Blood)
31.1%
Leroy Jethro Gibbs (NCIS)
30.2%
Donna Martin (Beverly Hills 90210)
24.9%
C.J. Parker (Baywatch)
21.2%
Susan Mayer (Desperate Housewives)
18.8%
Nancy Botwin (Weeds)
13.4%
Paul Lassiter (Spin City)
7.5%

You're not logged in!

Compare scores with friends on all Sporcle quizzes.
OR
Log In

You Might Also Like...

Show Comments

Extras

Top Quizzes Today


Score Distribution

Your Account Isn't Verified!

In order to create a playlist on Sporcle, you need to verify the email address you used during registration. Go to your Sporcle Settings to finish the process.

Report this User

Report this user for behavior that violates our Community Guidelines.

Details: